Szczegóły MARC21

Ćwiczenia z przygodą : zajęcia wychowania fizycznego z elementami ćwiczeń korekcyjno-kompensacyjnych /

003 -Nazwa inst., której nr kontr. jest w polu 001 [,]
    • @
    • Nazwa instytucji, której n kontrolny jest w polu 001
    • NUKAT
005 -DATA I CZAS OSTATNIEJ MODYFIKACJI [,]
    • @
    • pole kontrolne
    • 20241231092312.0
020 -Międzynarod. znormalizowany nr książki - ISBN [ , ]
    • a
    • Numer ISBN
    • 9788389957238 Find
040 -Instytucja sporządzająca opis [ , ]
    • a
    • Instytucja, która sporządziła opis (NP)
    • TOR U/MoM
    • c
    • Instytucja, która sporządziła rekord (NP)
    • TOR U/MoM
    • d
    • Instytucja, która zmodyfikowała rekord (P)
    • TOR U/LF
    • d
    • Instytucja, która zmodyfikowała rekord (P)
    • KR U/MM
    • d
    • Instytucja, która zmodyfikowała rekord (P)
    • Ł U/MRs
942 -Rodzaj dokumentu [ , ]
    • c
    • Rodzaj dokumentu
    • Książka
100 -Hasło główne - nazwa osobowa [1, ]
    • a
    • Nazwa osobowa (NP)
    • Zalewski, Paweł
    • c
    • Dopowiedzenie inne niż daty biograficzne (P)
    • (wychowanie fizyczne).
    • 9
    • KHW
    • 54594
245 -Strefa tytułu i oznaczenia odpowiedzialności [1,0]
    • a
    • Tytuł
    • Ćwiczenia z przygodą : Find
    • b
    • Ciąg dalszy tytułu (NP)
    • zajęcia wychowania fizycznego z elementami ćwiczeń korekcyjno-kompensacyjnych / Find
    • c
    • Pozostałe elementy strefy tytułu i oznaczenia odpowiedzialności (NP)
    • Paweł Zalewski.
260 -Strefa adresu wydawniczego [ , ]
    • a
    • Miejsce wydania (P)
    • Warszawa :
    • b
    • Nazwa wydawcy (P)
    • Didasko,
    • c
    • Data wydania (P)
    • 2008.
300 -Strefa opisu fizycznego [ , ]
    • a
    • Określenie formy książki i/lub objętość (NP)
    • 144 s. :
    • b
    • Oznaczenie ilustracji (NP)
    • il. kolor. ;
    • c
    • Format (NP)
    • 24 cm.
336 -Typ zawartości [ , ]
    • a
    • Termin opisujący typ zawartości
    • Tekst
    • b
    • Kod określający zawartość
    • txt
    • 2
    • Źródło (terminu i kodu)
    • rdacontent
337 -Typ mediów [ , ]
    • a
    • Tryb odtwarzania
    • Bez urządzenia pośredniczącego
    • b
    • Kod typu mediów
    • n
    • 2
    • Źródło (terminu i kodu)
    • rdamedia
338 -Typ/rodzaj nośnika [ , ]
    • a
    • Hasło opisujące typ nośnika
    • Wolumin
    • b
    • Kod typu nośnika
    • nc
    • 2
    • Źródło (terminu i kodu)
    • rdacarrier
080 -Uniwersalna Klasyfikacja Dziesiętna [ , ]
    • 2
    • Identyfikator wydania tablic
    • UDC-P058
    • 9
    • UKD
    • 9914
    • a
    • Symbol klasyfikacji
    • 37.016:796
    • b
    • Dopowiedzenie
    • Nauczanie wychowania fizycznego.
080 -Uniwersalna Klasyfikacja Dziesiętna [ , ]
    • 2
    • Identyfikator wydania tablic
    • UDC-P058
    • 9
    • UKD
    • 3898
    • a
    • Symbol klasyfikacji
    • 373.3.046-021.64
    • b
    • Dopowiedzenie
    • Nauczanie początkowe (I-III).
650 -Hasło przedmiotowe [ ,7]
    • a
    • Hasło przedmiotowe
    • Gimnastyka lecznicza dla dzieci.
    • 2
    • Źródło terminu
    • kaba
    • 9
    • KHW
    • 110002
650 -Hasło przedmiotowe [ ,7]
    • a
    • Hasło przedmiotowe
    • Wychowanie fizyczne
    • x
    • Określnik rzeczowy
    • studia i nauczanie (początkowe).
    • 2
    • Źródło terminu
    • kaba
    • 9
    • KHW
    • 354242
650 -Hasło przedmiotowe [ ,7]
    • a
    • Hasło przedmiotowe
    • Wychowanie fizyczne
    • x
    • Określnik rzeczowy
    • studia i nauczanie (przedszkolne).
    • 2
    • Źródło terminu
    • kaba
    • 9
    • KHW
    • 376015
980 -Symbol UKD [ , ]
    • a
    • UKD
    • 37.016:796:373.3.046-021.64
920 -ISBN [ , ]
    • a
    • ISBN
    • 978-83-89957-23-8 Find
Numer inwentarzowy Sygnatura Status udost. Lokalizacja Data inwentaryzacji
WF.9293Korekcja wad postawy 351BM2013-05-21